| Record ID | ia:crownofwildoli00rusk |
| Source | Internet Archive |
| Download MARC XML | https://archive.org/download/crownofwildoli00rusk/crownofwildoli00rusk_marc.xml |
| Download MARC binary | https://www.archive.org/download/crownofwildoli00rusk/crownofwildoli00rusk_meta.mrc |
LEADER: 00557cam 2200193I 4500
001 1507523
005 20091116224458.0
008 951222s1889 enk 000 0 eng d
035 $a(OCoLC)ocm33957599$i2no98ram$zR00004197190
035 $9AGH-2979
040 $aGZM$cGZM$dOCoLC$dUtOrBLW
049 $aUBCC
090 $aPR5255$b.A1 1889
100 1 $aRuskin, John,$d1819-1900.
245 14 $aThe crown of wild olive.$bFour lectures on industry and war.
250 $a3d ed.
260 $aSunnyside [Eng.] :$bG. Allen,$c1889.
300 $a250 p.$c18 cm.
994 $a92$bUBC